Biggest Estonian Cities - Map Quiz - Statistics

General Stats
  • This quiz has been taken 81 times
  • The average score is 7 of 10
Answers on the Map
Answers color-coded by a green-red scale on the quiz's map according to % correct below.
 
Answer Stats
Answer % Correct
Narva
84%
Tallinn
84%
Tartu
82%
Pärnu
81%
Kuressaare
73%
Viljandi
63%
Kohtla-Järve
60%
Rakvere
60%
Maardu
52%
Sillamäe
48%
No matching quizzes found
Score Distribution
Percent of People with Each Score
Percentile by Number Answered
Your Score History
You have not taken this quiz